Baby-sitters 25
<< Retourner aux résultats de la recherche
| Auteur principal : | Hari Tokeino |
|---|---|
| Titre : | Baby-sitters 25 |
| Support : | Livres |
| Langue : | Francais |
| Series : |
Baby-sitters |
| Genre : |
Manga |
| Sujets : | |
| Étiquettes : |
Pas de tags
|
| LEADER | 00753nam0a2200205 450 | ||
|---|---|---|---|
| 001 | 16867605 | ||
| 010 | |a 978-2-344-06586-0 |b br. sous jaquet |d 7,2 | ||
| 100 | |a 20241016d2025 u u0frey01 ba | ||
| 101 | 0 | |a fre | |
| 102 | |a FR | ||
| 200 | 0 | |a Baby-sitters 25 |f Hari Tokeino | |
| 207 | 1 | |a | |
| 215 | |a 1 vol. (160 p.) |c illustrations en noir et blanc |d 18 x 12 cm | ||
| 300 | |a Traduit du japonais | ||
| 330 | |a La suite des aventures de Ryuchi, chargé de garder les jeunes enfants des professeurs de l'académie Morinomiya. | ||
| 461 | 0 | |t Baby-sitters |v 25 | |
| 700 | 0 | |a Tokeino |b Hari |f 1979-.... |4 70 | |
| 900 | |a Manga | ||
| 901 | |a Jeunesse | ||
| 995 | |a Médiathèque |c Médiathèque |f 00156008858367 |h 00156008858367 |k BD BAB 25 |o p |q j |r az |u ex sr |e Médiathèque | ||